000 00574nam a2200229Ia 4500
003 OSt
005 20220924152921.0
006 a|||||r|||| 00| 0
007 ta
008 220923b |||||||| |||| 00| 0 ara d
024 _a345863
037 _cTextual
040 _aARTS
_cARTS
_bara
041 _2ara
_aara
082 _aZ(Q7),2:4, 28G6
100 _aYahya Hilal Au.
_9227809
245 0 _aKitab ahkam al-waqf
260 _c1936
650 _aISLAMIC LAW
942 _hZ(Q7),2:4, 28G6
_cTEXL
_2CC
999 _c471535
_d471535